000 01096nam a2200229 i 4500
001 83109
003 ES-MaACL
005 20250726072719.0
007 t|
008 180601s1919 sp ||||1| spa d
100 1 _aVega del Sella, Ricardo
_cDuque de Estrada y Martínez de Morentín, Conde de la Vega del Sella.
_9164836
245 1 3 _aEl dolmen de la capilla de Santa Cruz (Asturias) /
_cpor el Conde de la Vega del Sella.
260 _aMadrid :
_bMuseo Nacional de Ciencias Naturales,
_c1919.
300 _a62 p., VIII lám. neg. y col. :
_bil. ;
_c27 cm.
490 1 _aComisión de Investigaciones Paleontológicas y Prehistóricas. Memoria ;
_v22
594 _aPrecede al tít.: Junta para la Ampliación de Estudios e Investigaciones Científicas.
651 4 _aAsturias (Comunidad Autónoma)-
_xRestos arqueológicos prehistóricos.
_9164882
651 4 _aDolmen de la capilla de Santa Cruz (Asturias)
_9164883
830 0 0 _aComisión de Investigaciones Paleontológicas y Prehistóricas. Memoria
_v22
_9183771
852 _aES-MaACL
_jB-13005(2)
999 _c83109
_d83109